000 01061aam a2200265 4500
005 20160614115011.0
008 010619s2001 ck a r 00010 spa d
020 _a9583321192
040 _ala
_cla
_dCO-BoIAVH
041 0 _aspa
044 _ack
090 _aEA-
_b406
245 0 0 _aGuía para la construcción de puentes en guadua /
_ctextos Jorg Stamm ; dibujos Virginia Aristizabal.
260 _aPereira :
_bUniversidad Tecnológica de Pereira, Cooperación Alemana al Desarrollo, FAcultad de Ciencias Ambientales,
_c2001.
300 _a48 páginas :
_bilustraciones ;
_c18 x 25 cm.
500 _aTítulo tomado de la carátula.
504 _aIncluye referencias bibliográficas.
650 2 6 _aPuentes colgantes
_v Diseños y planos.
650 2 6 _aGuadua
_x Aplicaciones industriales.
650 2 6 _aPuentes
_v Diseños y planos.
650 2 6 _aConstrucción de puentes
_v Diseños y planos.
700 1 _aStamm, Jörg
_etextos
700 1 _aAristizabal, Virginia,
_eilustraciones
942 _2z
_cFolleto
999 _c4391
_d4391